000
00320nam a22001457a 4500
008
230913b ||||| |||| 00| 0 eng d
020
_a
0521253381
041
_a
eng
080
_a
101
082
_a
101DOD
100
_a
44
101
_a
FILOZ
245
_a
THE IDEAS OF PARTICLE PHYSICS
_c
DODD .E.J
942
_2
udc
_c
BK
999
_c
60376
_d
60376